| 000 | 00430nam a22001457a 4500 | ||
|---|---|---|---|
| 005 | 20160111105233.0 | ||
| 008 | 160111b xxu||||| |||| 00| 0 eng d | ||
| 040 | _cPK-LaUMT | ||
| 082 |
_aKHC 301.4492095491 _bROB-P |
||
| 100 | _aRobert laporte | ||
| 245 |
_aPower and privilege _binfluence and decision-Making in Pakistan _cRobert laporte |
||
| 260 |
_aBerkeley _bUniversity of california _c1975 |
||
| 300 | _a225 p. | ||
| 942 | _cBK | ||
| 999 |
_c81277 _d81277 |
||